| Tag |
First Indicator |
Second Indicator |
Subfields |
| LEADER |
00000cam a2200000 a 4500 |
| 001 |
in00001998913 |
| 005 |
20151031113851.0 |
| 008 |
001023s2000 enka 000 0 eng |
| 015 |
|
|
|a GBA0-64674
|
| 035 |
|
|
|a (OCoLC)ocm45336798
|
| 040 |
|
|
|a UKM
|c UKM
|d TXA
|d UtOrBLW
|
| 049 |
|
|
|a TXAM
|
| 050 |
|
4 |
|a QC994.95
|b .E77 2000
|
| 082 |
0 |
4 |
|a 551.630285
|2 21
|
| 245 |
0 |
4 |
|a The ERA-40 project plan /
|c editors, A.J. Simmons and J.K. Gibson.
|
| 264 |
|
1 |
|a Reading :
|b European Centre for Medium-Range Weather Forecasts,
|c 2000.
|
| 300 |
|
|
|a 62 pages :
|b illustrations (some color) ;
|c 30 cm.
|
| 336 |
|
|
|a text
|b txt
|2 rdacontent
|
| 337 |
|
|
|a unmediated
|b n
|2 rdamedia
|
| 338 |
|
|
|a volume
|b nc
|2 rdacarrier
|
| 490 |
1 |
|
|a ERA-40 project report series ;
|v no.1
|
| 650 |
|
0 |
|a Weather forecasting
|x Data processing.
|
| 700 |
1 |
|
|a Gibson, J. K.
|
| 700 |
1 |
|
|a Simmons, A. J.
|q (Adrian J.)
|
| 710 |
2 |
|
|a European Centre for Medium Range Weather Forecasts.
|
| 830 |
|
0 |
|a ERA-40 project report series ;
|v no.1.
|
| 994 |
|
|
|a E0
|b TXA
|
| 948 |
|
|
|a cataloged
|b h
|c 2004/9/23
|d c
|e jlanham
|f 3:20:42 pm
|
| 999 |
|
|
|a MARS
|
| 999 |
f |
f |
|s 65b336d8-b920-336b-85e8-7f6fbd068318
|i bb6170d0-bf11-32d4-a2c1-7b87c8baaec9
|t 0
|
| 952 |
f |
f |
|p ric
|a Texas A&M University
|b Rellis Campus
|c Joint Library Facility
|s JLF
|d Remote Storage
|t 0
|e QC994.95 .E77 2000
|h Library of Congress classification
|i unmediated -- volume
|m A14831332584
|
| 998 |
f |
f |
|a QC994.95 .E77 2000
|t 0
|l Remote Storage
|